000 02773agaaa2200337 4500
001 7090
003 IT-RoPAU
005 20220918181225.0
007 d cvaizq
008 50131s9999||||xx ||| | || ||und||
040 _aIT-RoPAU
_cIT-RoPAU
041 _aITALIANO
100 _aGriffith David Wark
_gCodice regista SPICS: 13319
_937966
130 _aNASCITA DI UNA NAZIONE
_937967
240 _aBIRTH OF A NATION (THE)
_gT2386
245 _aNASCITA DI UNA NAZIONE
_cProdotto da: Griffith David W. -- Sceneggiatura: Dixon Jr. Thomas F. Griffith David Wark Woods Frank E. -- Diretto da: Griffith David Wark
_pNASCITA DI UNA NAZIONE (Rif. Codice opera principale : H7090)
246 _aBIRTH OF A NATION (THE)
250 _aEdizione Standard
260 _a(USA)
_bEPOCH PRODUCING CORPORATION / Distribuzione: LIBRERIA SSP ROMA
_g"1915 (1° ed.: 2006 ; Ed. Lingua Orig.: 1915)"
300 _aDVD
_bmuto, b&w
_c165 minuti
508 _a"Fotografia: Bitzer G.W.; Montaggio: Griffith D.W. Henabe; Musica: Breil Joseph Carl; Sceneggiatura: Dixon Jr. Thomas F. Griffith David Wark Woods Frank E.; "
511 _a"Gish Gillian; Marsh Mae; Walthall Henry; B.; Cooper Miriam; Alden Mary; Aitken Spottis"
520 _a"INTORNO ALL'ANNO 1860 CAMERON, RICCO LATIFONDISTA, VIVE NELLA CAROLINA DELSUD ASSIEME ALLA MOGLIE E AI FIGLI. UN SUO AMICO NORDISTA, STONEMAN, DEPUTATO ALLA CAMERA, CONCEDE LA FIGLIA ELSIE A BEN, PRIMOGENITO DI CAMERON, DETTO IL PICCOLO COLONNELLO. QUANDO SCOPPIA LA GUERRA CIVILE AMERICANA, LE DUEFAMIGLIE AMICHE SI TROVANO SU FRONTI OPPOSTI. IL RITORNO DELLA PACE NON BASTERA' A CALMARE GLI ANIMI: IL PRESIDENTE LINCOLN VIENE ASSASSINATO MENTRE IL SUD SCONFITTO E' IN MANO AD AFFARISTI DEL NORD SENZA SCRUPOLI E A NERI VIOLENTI E IGNORANTI. CAMERON PER DIFENDERE LA CIVILTA' DEI BIANCHI NELLA PROPRIA TERRA, CONTRIBUISCE ALLA FONDAZIONE DEL KU-KLUX-KLAN, CHE RIPORTERA' LA PACE E L'ARMONIA. CONSIDERATO UNA TAPPA FGONDAMENTALE NELLA STORIA DEL CINEMA PER LE SUE MIRABOLANTI INNOVAZIONI (MONTAGGIO PARALLELO, PRIMI PIANI,EFFETTI FOTOGRAFICI, SCENE DI MASSA) IL FILM VENNE CONTESTATO DURAMENTE PER LE SUE TESI RAZZISTE. CONTRIBUTI EXTRA: BIOGRAFIA, FILMOGRAFIA E CURIOSITA' SU DAVID W. GRIFFITH; L'EPOPEA DI GRIFFITH; SINOSSI, NOTE E CURIOSITA' SUL FILM; BIBLIOGRAFIA, FILMOGRAFIA E CURIOSITA' SU LILLIAN GISH; NASCITA DIUNA NAZIONE E IL CINEMA STORICO."
538 _aPAL, STEREO
546 _aITALIANO
650 _aDRAMMATICO-MUTO
_eDVD-FILM [DVD]
_xCodice MATERIA SPICS: 9947
_937968
700 _aBreil Joseph Carl
_e(musica)
_gCodice Musica SPICS: 58799
_937969
700 _aDixon Thomas Jr.
_e(soggetto)
_gCodice Soggetto SPICS: 1092
_937970
700 _aGriffith David Wark
_e(regista)
_gCodice regista SPICS: 13319
_937971
942 _cDV
_2ddc
999 _c104841
_d104841